| 000 | 00946cab a2200277 4500 | ||
|---|---|---|---|
| 001 | ABS51957 | ||
| 008 | 090401t1994 xxu||||| |||| 00| 0 eng d | ||
| 035 | _a(Sirsi) u52755 | ||
| 041 | _aeng | ||
| 100 | _aDriscoll, J. | ||
| 245 | _aComing up to scratch: Leasehold Reform, Housing and Urban Development Act 1993 | ||
| 260 | _c1994 | ||
| 350 | _a0 | ||
| 490 |
_aGuardian Gazette _v91(45) 7 December 1994, 26-28(2) |
||
| 520 | _aExamines new and revised rights for flat owners introduced in the Leasehold Reform, Housing and Urban Development Act 1993 | ||
| 650 | _aFLAT OWNERS | ||
| 650 | _aLANDLORD AND TENANT ACT 1985 | ||
| 650 | _aLANDLORD AND TENANT ACT 1987 | ||
| 650 | _aLEASEHOLD ENFRANCHISEMENT | ||
| 650 | _aLEASEHOLD FLATS | ||
| 650 | _aLEASEHOLD REFORM, HOUSING AND URBAN DEVELOPMENT ACT 1993 | ||
| 650 | _aMANAGEMENT AUDITS | ||
| 690 | _aLANDLORD AND TENANT-LEASEHOLD REFORM | ||
| 942 | _n0 | ||
| 948 | _c04/03/1997 | ||
| 999 |
_c32588 _d32588 |
||